[Event "ISR-chT"]
[Site "Israel"]
[Date "2007.04.21"]
[Round "8.4"]
[White "Kustanovich, Michael"]
[Black "Zoler, Dan"]
[Result "0-1"]
[WhiteElo "2252"]
[BlackElo "2455"]
[PlyCount "119"]
[EventDate "2007.01.11"]
[EventType "team-tourn"]
[EventRounds "11"]
[EventCountry "ISR"]
[SourceTitle "EXT 2009"]
[Source "ChessBase"]
[SourceDate "2008.11.26"]
[SourceVersion "1"]
[SourceVersionDate "2008.11.26"]
[SourceQuality "1"]
[WhiteTeam "Beer Sheva VI"]
[BlackTeam "Tel Aviv Shlomo Har Zvi"]
[WhiteTeamCountry "ISR"]
[BlackTeamCountry "ISR"]

1. d4 Nf6 2. Nf3 b5 3. Bf4 Bb7 4. e3 a6 5. Nbd2 e6 6. Bd3 c5 7. c3 cxd4 8. exd4 Be7 9. h3 0-0 10. 0-0 d6 11. a4 b4 12. c4 Nbd7 13. Re1 a5 14. b3 Re8 15. Qc2 Rc8 16. Ng5 Nf8 17. Bh2 Qb6 18. Qb2 N6d7 19. Ngf3 f5 20. Re3 Bf6 21. Rae1 g6 22. Bf4 Qc6 23. Bf1 Qc7 24. Qb1 e5 25. c5 Qb8 26. Bc4+ Kg7 27. Bg5 e4 28. Bxf6+ Nxf6 29. Bb5 Red8 30. cxd6 Nd5 31. Nc4 Nxe3 32. Rxe3 Rxd6 33. Nfe5 Rxd4 34. Qa1 Rcd8 35. Re1 Kg8 36. Nxa5 Qxe5 37. Nxb7 Rc8 38. Bc4+ Kg7 39. a5 Kf6 40. a6 Rd7 41. a7 Ra8 42. Qa6+ Kg5 43. Qb6 Qd4 44. Qxd4 Rxd4 45. Na5 Rd6 46. Nb7 Rd7 47. Nc5 Rdxa7 48. Na4 Rd8 49. Nb6 Ra5 50. g3 Rd6 51. Na4 Nd7 52. h4+ Kf6 53. Bf1 Nc5 54. Nb2 Ra2 55. Nc4 Rd4 56. Rb1 Nd3 57. Ne3 Nxf2 58. Rc1 Ng4 59. Rc6+ Ke7 60. Nc4 0-1

[Event "ISR-chT"]
[Site "Israel"]
[Date "2007.04.20"]
[Round "7.3"]
[White "Kustanovich, Michael"]
[Black "Porat, David"]
[Result "1-0"]
[WhiteElo "2252"]
[BlackElo "2214"]
[PlyCount "81"]
[EventDate "2007.01.11"]
[EventType "team-tourn"]
[EventRounds "11"]
[EventCountry "ISR"]
[SourceTitle "EXT 2009"]
[Source "ChessBase"]
[SourceDate "2008.11.26"]
[SourceVersion "1"]
[SourceVersionDate "2008.11.26"]
[SourceQuality "1"]
[WhiteTeam "Beer Sheva VI"]
[BlackTeam "Porat Mathematics"]
[WhiteTeamCountry "ISR"]
[BlackTeamCountry "ISR"]

1. d4 Nf6 2. Nf3 g6 3. Nbd2 d5 4. e3 Bg7 5. Bd3 0-0 6. b3 b6 7. Bb2 Bb7 8. 0-0 Nbd7 9. c4 c5 10. Rc1 Rc8 11. Rc2 cxd4 12. exd4 dxc4 13. bxc4 Nc5 14. Be2 Ne6 15. Re1 Ne4 16. Nb3 Nf4 17. Bf1 Nd6 18. Ne5 Nf5 19. g3 Nh5 20. Ba3 Qc7 21. Bh3 Nf6 22. Qd3 Nd7 23. Nxd7 Qxd7 24. Rxe7 Qa4 25. Rxb7 Qxa3 26. Bxf5 gxf5 27. Qxf5 Rce8 28. Qf3 Re6 29. Rd7 a5 30. Kg2 Rf6 31. Qe2 Qa4 32. Re7 Qb4 33. d5 Qd6 34. Nd4 Qc5 35. Qe4 Kh8 36. Nb5 Qc8 37. d6 Rd8 38. d7 Qb8 39. Re8+ Bf8 40. Rxd8 Qxd8 41. Qe8 1-0

[Event "Beersheba-B 16th"]
[Site "Beersheba"]
[Date "1997.??.??"]
[Round "?"]
[White "Rapoport, Igor"]
[Black "Kustanovich, Michael"]
[Result "1-0"]
[WhiteElo "2335"]
[BlackElo "2210"]
[PlyCount "50"]
[EventDate "1997.??.??"]
[EventType "tourn"]
[EventRounds "11"]
[EventCountry "ISR"]
[EventCategory "2"]
[SourceTitle "EXT 2003"]
[Source "ChessBase"]
[SourceDate "2002.11.25"]
[SourceVersion "1"]
[SourceVersionDate "2002.11.25"]
[SourceQuality "1"]

1. d4 e6 2. c4 Nf6 3. Nf3 b6 4. g3 Bb7 5. Bg2 Be7 6. 0-0 0-0 7. Nc3 d5 8. cxd5 exd5 9. Ne5 Nbd7 10. Qa4 Nb8 11. Rd1 Re8 12. Bg5 c6 13. Rac1 h6 14. Bxf6 Bxf6 15. e4 c5 16. Nxd5 Bxe5 17. dxe5 Rxe5 18. f4 Bc6 19. Nb4 Bxa4 20. Rxd8+ Re8 21. Rxe8+ Bxe8 22. e5 a5 23. Bxa8 axb4 24. Rd1 Bd7 25. Rd6 b5 1-0

[Event "Beersheba-B 16th"]
[Site "Beersheba"]
[Date "1997.??.??"]
[Round "?"]
[White "Shevelev, Arkady"]
[Black "Kustanovich, Michael"]
[Result "1/2-1/2"]
[WhiteElo "2415"]
[BlackElo "2210"]
[PlyCount "101"]
[EventDate "1997.??.??"]
[EventType "tourn"]
[EventRounds "11"]
[EventCountry "ISR"]
[EventCategory "2"]
[SourceTitle "EXT 2003"]
[Source "ChessBase"]
[SourceDate "2002.11.25"]
[SourceVersion "1"]
[SourceVersionDate "2002.11.25"]
[SourceQuality "1"]

1. e4 e6 2. d4 d5 3. Nd2 Nf6 4. e5 Nfd7 5. Bd3 c5 6. c3 Nc6 7. Ne2 cxd4 8. cxd4 f6 9. exf6 Nxf6 10. f4 Qb6 11. Nf3 Bb4+ 12. Bd2 Ne4 13. Bc3 0-0 14. Qc2 e5 15. Bxe4 dxe4 16. Nxe5 Nxe5 17. dxe5 Bc5 18. Qb3+ Be6 19. Qxb6 axb6 20. b4 Be3 21. Bd4 Bxf4 22. Nxf4 Rxf4 23. Rf1 Rxf1+ 24. Kxf1 Rc8 25. Bxb6 Rc2 26. a4 Bc4+ 27. Kg1 Kf7 28. Be3 Ke6 29. Rc1 Rxc1+ 30. Bxc1 Kxe5 31. Bb2+ Kf4 32. Bxg7 Ke3 33. Bh6+ Ke2 34. Bf4 Bb3 35. a5 Bc4 36. h4 e3 37. h5 Kd3 38. g3 Kc3 39. Bxe3 Kxb4 40. Bd2+ Kb5 41. Kf2 b6 42. axb6 Kxb6 43. Ke3 Ba2 44. Kf4 Bb1 45. Ke5 Kc6 46. g4 Bc2 47. Kf6 Bb1 48. g5 Bc2 49. g6 Bxg6 50. hxg6 hxg6 51. Kxg6 1/2-1/2